Parcours du Brésil en Coupe du monde et en Copa América depuis 1953 - Statistiques

Statistiques générales
  • Ce quiz a été pris 33 fois
  • Le résultat moyen est 14 sur 44
Statistiques - réponses
Hint Réponse % Correct
Coupe du monde 1962 Vainqueur
72%
Coupe du Monde 1958 Vainqueur
69%
Coupe du monde 1970 Vainqueur
69%
Coupe du monde 2002 Vainqueur
69%
Coupe du monde 1998 Finaliste
62%
Copa América 1997 Vainqueur
59%
Copa America 2019 Vainqueur
59%
Coupe du monde 1994 Vainqueur
55%
Copa América 1999 Vainqueur
55%
Coupe du monde 2014 Demi finale
52%
Copa América 2004 Vainqueur
52%
Copa América 2007 Vainqueur
48%
Coupe du monde 2022 Quart de finale
45%
Copa América 1989 Vainqueur
41%
Copa América 2021 Finaliste
38%
Coupe du monde 2006 Quart de finale
38%
Coupe du monde 2010 Quart de finale
38%
Coupe du monde 2018 Quart de finale
34%
Coupe du monde 1974 Demi finale
28%
Copa America 1953 Finaliste
28%
Coupe du monde 1986 Quart de finale
28%
Copa America 1957 Finaliste
24%
Copa América 1959 Finaliste
24%
Copa América 1983 Finaliste
24%
Copa América 1991 Finaliste
24%
Coupe du Monde 1954 Quart de finale
24%
Copa América 1995 Finaliste
21%
Coupe du monde 1990 Huitième de finale
21%
Coupe du monde 1966 Poules
21%
Coupe du monde 1982 Quart de finale
21%
Coupe du monde 1978 Demi finale
17%
Copa América 1979 Demi finale
17%
Copa América 2011 Quart de finale
17%
Copa América 2015 Quart de finale
17%
Copa America 1956 Demi finale
14%
Copa América 2016 Poules
14%
Copa América 1993 Quart de finale
14%
Copa América 1959 Demi finale
10%
Copa América 1963 Demi finale
10%
Copa América 1975 Demi finale
10%
Copa America 1955 Forfait
10%
Copa América 1987 Poules
10%
Copa América 1967 Forfait
7%
Copa América 2001 Quart de finale
7%
Aucun quiz correspondant
Distribution des résultats
% des personnes avec chaque résultat
Percentile par nombre de réponses
Votre historique - résultats
Vous n’avez pas pris ce quiz